书目信息 |
| 题名: |
《资本论》注释
|
|
| 作者: | 卢森贝 , Розенберг 著 ;李延栋 译 | |
| 分册: | 第三卷 | |
| 出版信息: | 北京 三联书店 1963 |
|
| 页数: | 382页 | |
| 开本: | 20cm | |
| 丛书名: | ||
| 单 册: | ||
| 中图分类: | A811.23 , A81 | |
| 科图分类: | ||
| 主题词: | 马克思著作研究-资本论 , 马克思主义政治经济学--研究 | |
| 电子资源: | ||
| ISBN: | ||
| 000 | 00859nam0 2200289 45 | |
| 001 | 1256759219 | |
| 005 | 20090929162538.56 | |
| 010 | @dCNY1.05 | |
| 091 | @aCN@b4002.209 | |
| 100 | @a19950713e19791963em y0chiy0121 ea | |
| 101 | 1 | @achi@crus |
| 102 | @aCN@b110000 | |
| 105 | @ay z 000yy | |
| 200 | 12 | @a《资本论》注释@Azi ben lun zhu shi@h第三卷@f卢森贝(Д.И.Розенберг)著@g李延栋等译 |
| 210 | @a北京@c三联书店@d1963@h1979重印 | |
| 215 | @a382页@d20cm | |
| 517 | 1 | @a资本论注释@Azi ben lun zhu shi |
| 605 | @a资本论-马克思著作研究 | |
| 606 | 0 | @a马克思著作研究-资本论 |
| 606 | 0 | @a马克思主义政治经济学@x研究 |
| 690 | @aA811.23@v3 | |
| 690 | @aA81@v4 | |
| 701 | 1 | @a卢森贝@Alu sen bei@bД.И.@4著 |
| 701 | A1 | @aРозенберг@bД.И.@4著 |
| 702 | 0 | @a李延栋@Ali yan dong@4译 |
| 801 | 0 | @aCN@bTSSF |
| 905 | @a10447@dA81@eJY14:3 | |
| 《资本论》注释.第三卷/卢森贝(Д.И.Розенберг)著/李延栋等译.-北京:三联书店,1963(1979重印) |
| 382页;20cm |
| ISBN :CNY1.05 |
| ● |
| 相关链接 |
|
|
|
|
正题名:《资本论》注释
索取号:A81/JY14:3
 
预约/预借
| 序号 | 登录号 | 条形码 | 馆藏地/架位号 | 状态 | 备注 |
| 1 | 7809444 | 278094447 | 学院路分馆/ [索取号:A81/JY14:3] | 在馆 | |
| 2 | 7809445 | 278094456 | 学院路分馆/ [索取号:A81/JY14:3] | 在馆 |